00490nmm a2200157Ia 4500008004100000020001800041041000800059100001900067245007300086264006500159300001800224650001400242856005200256942000700308999001700315251105s9999||||xx |||||||||||||||||und|| a9781558859630 aeng aGarcia, Robert 0aMan of the People :b The Autobiography of Congressman Robert Garcia a[Washington, Estados Unidos] :bArte Público Press, c2023 a193 páginas aBiography uhttps://public.digitaliapublishing.com/a/127818 cCF c74974d74974